Statistics for Countries 206 to 242

Click here to take the quiz!

General Stats

  • This quiz has been taken 27,387 times
    (26,343 since last reset)
  • The average score is 16 of 37

Answer Stats

LocationPart of"Country"% Correct
Pacific OceanU.S.Guam
74%
CaribbeanU.K.{Virgin} Islands
74%
CaribbeanU.S.{U}.{S}. {Virgin} Islands
71%
CaribbeanU.S.Puerto Rico
67%
Irish SeaU.K.Isle of Man
64%
Atlantic OceanU.K.{Falkland} Islands
62%
English ChannelU.K.Jersey
59%
AsiaChinaHong Kong
56%
Atlantic OceanU.K.Bermuda
55%
South AmericaFranceFrench Guiana
55%
EuropeU.K.Gibraltar
55%
South PacificFranceFrench Polynesia
54%
English ChannelU.K.Guernsey
53%
Indian OceanAustralia{Christmas} Island
46%
CaribbeanFranceSaint Martin
46%
Pacific OceanU.S.American Samoa
45%
AsiaChinaMacau
45%
CaribbeanFranceMartinique
45%
CaribbeanFranceGuadeloupe
43%
Indian OceanFranceRéunion
41%
CaribbeanU.K.{Cayman} Islands
40%
Arctic OceanNorwaySvalbard
38%
Pacific OceanFranceNew Caledonia
35%
Atlantic OceanU.K.Saint Helena,
Ascension, and
Tristan da Cunha
35%
CaribbeanNetherlandsCaribbean
Netherlands
33%
CaribbeanU.K.Montserrat
31%
Atlantic OceanU.K.{Turks} {and} {Caicos}
Islands
31%
CaribbeanU.K.Anguilla
29%
PacificU.S.{Northern} {Mariana}
Islands
27%
PacificU.K.{Pitcairn} Islands
26%
Indian OceanFranceMayotte
24%
Atlantic OceanFranceSaint Pierre and
Miquelon
23%
Indian OceanAustralia{Cocos} Islands
20%
CaribbeanFranceSaint Barthélemy
19%
Pacific OceanAustralia{Norfolk} Island
18%
Pacific OceanFranceWallis and Futuna
18%
Pacific OceanNew ZealandTokelau
17%

Score Distribution

Percentile by Number Answered

Percent of People with Each Score

Your Score History

You have not taken this quiz since the last reset